000 00811nac a22002657a 4500
001 BR9700648
003 BR-BrBNA
005 20240105121853.0
008 230509b bl.|||m| |||| 00| 0 por d
040 _aBR-BrBNA
_bpor
_cBiblioteca Nacional de Agricultura
072 _aL01
090 _a5300 BR9700648
100 1 _aSouza, A.P. de
110 1 _aFederacao dos Clubes Agricolas do Estado de Sao Paulo, SP (Brasil)
_94654
245 1 _aCriacao de porcos
260 3 _aSao Paulo, SP (Brasil):
_c1960.
300 _a8 p.
490 _aClubes Agricolas - Federacao dos Clubes Agricolas do Estado de Sao Paulo (Brazil)
_vno. 13
_x
500 _a8 illus.
650 _aSuino
650 _aCriacao
650 _aDoenca Animal
909 _a202312
_bLúcia Elande
_c55
_dLúcia Elande
942 _2AGRIS
_n0
_cMS
999 _c287953
_d287953